Los hijos de la sangre: la España de 1936 hasta 1986
Kaydedildi:
| Yazar: | |
|---|---|
| Materyal Türü: | Kitap |
| Dil: | İspanyolca |
| Baskı/Yayın Bilgisi: |
Madrid
Espasa calpe
1986
|
| Seri Bilgileri: | Espasa Mañana
|
| Konular: | |
| Etiketler: |
Etiketle
Etiket eklenmemiş, İlk siz ekleyin!
|
MARC
| LEADER | 00000nam a2200000 a 4500 | ||
|---|---|---|---|
| 001 | UCQ6116 | ||
| 003 | CL-VaPUC | ||
| 008 | 981009e19860000SP |||||||||||||||||spa|d | ||
| 082 | 0 | 4 | |a 946.082 |b TUS |2 21 |
| 100 | |a Tusell Gómez, Javier |e author |9 477288 | ||
| 245 | 1 | 4 | |a Los hijos de la sangre: la España de 1936 hasta 1986 |
| 300 | |a 278 p | ||
| 942 | |c BK | ||
| 945 | |d 19981009 00:00:00 |a lriquelm | ||
| 260 | |a Madrid |b Espasa calpe |c 1986 | ||
| 600 | 0 | 7 | |a FRANCO, FRANCISCO |2 CL-VaPUC |9 313492 |
| 650 | 0 | |a Guerra civil |9 320243 | |
| 650 | 0 | |a Historia de España |9 315435 | |
| 650 | 0 | |a Democracia |9 255256 | |
| 650 | 0 | |a Fascismo |9 255687 | |
| 650 | 0 | |a Iglesia Católica |9 256114 | |
| 650 | 0 | |a Monarquía |9 255259 | |
| 651 | 0 | |a España |9 254926 | |
| 651 | 0 | |a Europa |9 255156 | |
| 583 | |a last modification |c 20180226 01:08:08 |k Rodrigo Vera | ||
| 490 | 0 | |a Espasa Mañana | |
| 999 | |c 276118 |d 276116 | ||
| 952 | |0 0 |1 0 |4 0 |6 946_082000000000000_TUS_1986 |7 0 |8 A |9 313250 |a FDOPOS |b FDOPOS |d 2019-11-20 |i 1478281 |o 946.082 TUS 1986 |p 1478281 |r 2025-01-22 |w 2019-11-20 |y BK |k MLH | ||